Statistics for country chain game #1

Click here to take the quiz!

General Stats

  • This quiz has been taken 80 times
  • The average score is 12 of 15

Answer Stats

HintAnswer% Correct
Has the tallest mountain in the world.Nepal
95%
Its population is around 144 million.Russia
93%
Has a transcontinental city.Turkey
88%
Its GDP is around 19 trillion dollarsUnited States
88%
This one should be pretty obvious.Yemen
86%
Asian country that borders 5 countries and an inland sea.Azerbaijan
84%
Only one of two countries to start with A but not end in AAfghanistan
82%
Smallest country in Central America.El Salvador
79%
Its Currency is the Australian DollarNauru
79%
Is a double landlocked nationLiechtenstein
75%
Second smallest Asian Country.Singapore
75%
A transcontinental country.Egypt
70%
Did not qualify for the 2018 FIFA World Cup in RussiaNetherlands
63%
Its timezone is UTC-6Nicaragua
58%
Its motto is called Plus UltraSpain
49%

Score Distribution

Percentile by Number Answered

Percent of People with Each Score

Your Score History

You have not taken this quiz